| 000 | 00852 a2200217 4500 | ||
|---|---|---|---|
| 999 |
_c7808 _d7808 |
||
| 020 | _a9780199689569 (pbk.) | ||
| 020 | _a0199689563 (pbk.) | ||
| 050 | 0 | 0 | _aKF9201 CHI 2015 |
| 100 | 1 |
_aChild, John _eauthor. |
|
| 245 | 1 | 0 |
_aSmith and Hogan's essentials of criminal law / _cJohn Child, David Ormerod QC |
| 250 | _aFirst editon. | ||
| 264 | 1 |
_aOxford, United Kingdom : _bOxford University Press, _c2015. |
|
| 300 |
_axxxv, 631 pages : _billustrations ; |
||
| 500 | _aIncludes bibliographical references and index. | ||
| 504 | _aIncludes bibliographical references and index. | ||
| 650 | 0 | _aCriminal law | |
| 700 | 1 |
_aOrmerod, D. C. _q(David C.), _d1966- _eauthor. |
|
| 700 | 1 |
_aSmith, J. C. _q(John Cyril). _tCriminal law. _eauthor |
|
| 942 |
_2lcc _cBK _h9201 _iCHI _kKF |
||